041_ Personnalités nées un 10 février par images - Statistiques

Statistiques générales
  • Ce quiz a été pris 41 fois
  • Le résultat moyen est 4 sur 12
Statistiques - réponses
Par images Hint Réponse % Correct
Athlète Kevin Mayer
69%
Vidéaste Mia Khalifa
64%
Chanteuse Natasha St-Pier
64%
Cycliste Pauline Ferrand-Prévot
56%
Athlète Justin Gatlin
44%
Chanteur Maxime Le Forestier
44%
Actrice Emma Roberts
21%
Dirigeant Politique Alexandre Millerand
13%
Homme d'affaires Jean Luc Lagardère
10%
Nageur Mark Spitz
10%
Actrice Chloe Grace Moretz
8%
Acteur Robert Wagner
8%
Aucun quiz correspondant
Distribution des résultats
% des personnes avec chaque résultat
Percentile par nombre de réponses
Votre historique - résultats
Vous n’avez pas pris ce quiz